Statistics for World Cup Finals

Click here to take the quiz!

General Stats

  • This quiz has been taken 25 times
  • The average score is 50 of 63

Answer Stats

GroupHintHost(s)% Correct
1966WinnerEngland
100%
1966Runner-upWest Germany
100%
1998Runner-upBrazil
94%
1966HostEngland
94%
1998WinnerFrance
94%
1998HostFrance
94%
2014WinnerGermany
94%
1990HostItaly
94%
2018HostRussia
94%
2010WinnerSpain
94%
2014Runner-upArgentina
89%
1962WinnerBrazil
89%
1994WinnerBrazil
89%
2002WinnerBrazil
89%
2014HostBrazil
89%
2018WinnerFrance
89%
2006Runner-upFrance
89%
2006WinnerItaly
89%
1938WinnerItaly
89%
1934WinnerItaly
89%
2002HostJapan and South Korea
89%
2010Runner-upNetherlands
89%
2010HostSouth Africa
89%
1994HostUnited States
89%
1930WinnerUruguay
89%
1990WinnerWest Germany
89%
1958WinnerBrazil
83%
1970WinnerBrazil
83%
2018Runner-upCroatia
83%
2002Runner-upGermany
83%
1982WinnerItaly
83%
1986HostMexico
83%
1930HostUruguay
83%
1950WinnerUruguay
83%
1978WinnerArgentina
78%
1930Runner-upArgentina
78%
1990Runner-upArgentina
78%
1934HostItaly
78%
1994Runner-upItaly
78%
1958HostSweden
78%
1950HostBrazil
72%
1950Runner-upBrazil
72%
1938HostFrance
72%
2006HostGermany
72%
1970HostMexico
72%
1982HostSpain
72%
1974WinnerWest Germany
72%
1986Runner-upWest Germany
72%
1954WinnerWest Germany
72%
1978HostArgentina
67%
1986WinnerArgentina
67%
1934Runner-upCzechoslovakia
67%
1954Runner-upHungary
61%
1970Runner-upItaly
61%
1958Runner-upSweden
61%
1982Runner-upWest Germany
61%
1962HostChile
56%
1974Runner-upNetherlands
56%
1938Runner-upHungary
50%
1978Runner-upNetherlands
50%
1954HostSwitzerland
50%
1962Runner-upCzechoslovakia
44%
1974HostGermany
44%

Score Distribution

Percentile by Number Answered

Percent of People with Each Score

Your Score History

You have not taken this quiz